Slovenské poľnohospodárstvo v rokoch 2001-2005

Gespeichert in:
Bibliographische Detailangaben
1. Verfasser: Varoščák, Ján
Format: Buch
Sprache:Slowakisch
Veröffentlicht: Bratislava Výskumný ústav ekonomiky poľnohospodárstva a potravinárstva 2006
Schlagworte:
Tags: Tag hinzufügen
Keine Tags, Fügen Sie das erste Tag hinzu!

MARC

LEADER 00000nam$a2200000$$$4500
001 0052041
005 20240503084916.7
020 |a 80-8058-432-X 
041 0 |a slo 
044 |a SK 
245 1 0 |a Slovenské poľnohospodárstvo v rokoch 2001-2005  |c Ján Varoščák 
264 1 |a Bratislava  |b Výskumný ústav ekonomiky poľnohospodárstva a potravinárstva  |c 2006 
300 |a 111 s. 
610 2 0 |a poľnohospodárstvo 
610 2 0 |a transformácia 
610 2 0 |a integrácia ekonomická medzinárodná 
610 2 0 |a výkonnosť 
610 2 0 |a regióny 
610 2 0 |a hodnota pridaná 
610 2 0 |a výroba rastlinná 
610 2 0 |a výroba živočíšna 
610 2 0 |a zisk 
610 2 0 |a kraje 
610 2 0 |a služby 
610 2 0 |a medzispotreba 
610 2 0 |a výroba poľnohospodárska 
610 2 0 |a sily pracovné 
610 2 0 |a dôchodky 
610 2 0 |a ukazovatele ekonomické 
610 2 0 |a Slovensko 
610 2 0 |a 2001-2005 
100 1 |a Varoščák, Ján